| 000 | 01139 a2200229 4500 | ||
|---|---|---|---|
| 001 | 60524 | ||
| 005 | 20260407155856.0 | ||
| 008 | 260407a2011 arg spa d | ||
| 003 | AR-UNSa-BCEJYS | ||
| 040 |
_aAR-UNSa-BCEJYS _bspa _cAR-UNSa-BCEJYS |
||
| 080 |
_a37(09) _xHistoria de la Educación |
||
| 245 | 1 | 0 |
_aEscritos sobre educación _pselección de textos |
| 020 | _a978-987-26468-5-1 | ||
| 264 | 1 |
_aLa Plata : _bUNIPE _c2011 |
|
| 300 |
_a169 p. _c24 cm. |
||
| 505 | _a1. Manuel Belgrano: dilemas del pensamiento educativo de un ilustrado católico y revolucionario / Rafael S. Gagliano - 2. Escritos sobre educación. Selección de textos – 3. Autobiografía – 4. Medios generales de fomentar la agricultura, animar la industria y proteger el comercio en un país agricultor – 5. Memoria escrita por el Licenciado Manuel Belgrano, abogado de los reales consejos y secretario por su majestad del real consulado del virreinato de Buenos Aires en 1797 – 6. Correo de Comercio - | ||
| 041 | _aspa | ||
| 942 | _cBK | ||
| 590 | _aniveau_biblio:m niveau_hierar:0 | ||
| 100 | 1 | _aBelgrano, Manuel | |
| 700 | 1 | _aGagliano, Rafael S. | |
| 999 |
_c7034 _d7034 |
||